Nazwy modeli AI po kategoriach - Statystyki

Ogólne statystyki
  • Ten quiz został rozwiązany 3 razy
  • Średni wynik to 5 z 27
Statystyki odpowiedzi
Kategoria Nazwa % Poprawnych
Modele językowe ChatGPT
100%
Modele językowe Claude
67%
Modele językowe DeepSeek
67%
Modele językowe Gemini
67%
Modele językowe Grok
67%
Modele wideo i multimedia Sora
67%
Modele językowe Copilot
33%
Modele językowe LLaMA
33%
Modele językowe Mistral
33%
Modele specjalizowane AlphaFold
0%
Modele specjalizowane BioGPT
0%
Modele językowe ChatGLM
0%
Modele generowania obrazów DALLE
0%
Modele audio i mowy ElevenLabs
0%
Modele językowe Falcon 180B
0%
Modele specjalizowane GitHub Copilot
0%
Modele generowania obrazów Leonardo AI
0%
Modele wideo i multimedia LTX‑2
0%
Modele generowania obrazów MidJourney
0%
Modele specjalizowane MiniMax‑M2
0%
Modele audio i mowy Murf AI
0%
Modele językowe PaLM
0%
Modele wideo i multimedia Runway
0%
Modele specjalizowane Sam 3D
0%
Modele generowania obrazów Stable Diffusion
0%
Modele wideo i multimedia Synthesia
0%
Modele audio i mowy Whisper
0%
Nie znaleziono quizów pasujących do podanych kryteriów
Rozkład punktacji
Procent ludzi z każdym wynikiem
Percentyl według liczby udzielonych odpowiedzi
Twoja historia wyników
Nie rozwiązałeś tego quizu